000 00643nam a2200217Ii 4500
001 11934
003 CO-ViMGA
008 241108s9999||||xx |||||||||||||| ||und||
020 _a8428315892
040 _aCO-ViMGA
_bspa
_erda
_cCO-ViMGA
041 0 _aunk
082 0 4 _a629.2872 A454e
100 1 _aJosé Manuel Alonso Pérez
_955555
245 1 0 _aElectricidad del Automóvil
264 1 _a[Lugar de publicación no identificado] : Paraninfo, 1999
300 _avolumen
336 _atext
_btxt
_2rdacontent
337 _aunmediated
_bn
_2rdamedia
338 _avolume
_bnc
_2rdacarrier
940 _aidficha_siabuc: 11644. -- ficha_no_siabuc:11934
999 _c53147
_d53147